Agricultural location and the market: (Record no. 34790)

MARC details
000 -LEADER
fixed length control field 01097nam a22002657a 4500
005 - DATE AND TIME OF LATEST TRANSACTION
control field 20100319134440.0
008 - FIXED-LENGTH DATA ELEMENTS--GENERAL INFORMATION
fixed length control field 100319t xxu||||| |||| 00| 0 eng d
010 ## - LCCN (DPL NO)
LC control number ENG-95917
020 ## - INTERNATIONAL STANDARD BOOK NUMBER
International Standard Book Number 9788184840148
Terms of availability 750.00
035 ## - SYSTEM CONTROL NUMBER
System control number EN-79450
037 ## - SOURCE OF ACQUISITION
Source of stock number/acquisition DBAD/PUB
040 ## - CATALOGING SOURCE
Original cataloging agency DPL
082 ## - DEWEY DECIMAL CLASSIFICATION NUMBER
Classification number 338.76095412
100 ## - MAIN ENTRY--PERSONAL NAME
Personal name Jagtar Singh
245 ## - TITLE STATEMENT
Title Agricultural location and the market:
Statement of responsibility, etc by Jagtar Singh
Remainder of title Revisiting von thunen in Indian context/
260 ## - PUBLICATION, DISTRIBUTION, ETC. (IMPRINT)
Place of publication, distribution, etc New Delhi
Name of publisher, distributor, etc Regal Publications
Date of publication, distribution, etc 2009
270 ## - ADDRESS
Address F-159, Rajouri Garden
City New Delhi
Postal code 110027
300 ## - PHYSICAL DESCRIPTION
Extent xxvi, 145p. :
Dimensions 24 cm. (Hb)
Other physical details ill.
500 ## - GENERAL NOTE
General note Includes bibliographical refrences and index
650 ## - SUBJECT ADDED ENTRY--TOPICAL TERM
Topical term or geographic name as entry element Farms
General subdivision Locations
Geographic subdivision India
-- Jalandhar City Region
650 ## - SUBJECT ADDED ENTRY--TOPICAL TERM
Topical term or geographic name as entry element Agricultural Industries
Geographic subdivision India
-- Jalandhar City Region
650 ## - SUBJECT ADDED ENTRY--TOPICAL TERM
Topical term or geographic name as entry element Farmers markets
Geographic subdivision India
-- Jalandhar City Region
942 ## - ADDED ENTRY ELEMENTS (KOHA)
Source of classification or shelving scheme Dewey Decimal Classification
Item type English Books
Call number suffix SIN
Classification part 338.76095412
Holdings
Withdrawn status Lost status Source of classification or shelving scheme Materials specified (bound volume or other part) Damaged status Not for loan Collection code Home library Current library Date acquired Source of acquisition Cost, normal purchase price Total Checkouts Full call number Barcode Date last seen Copy number Cost, replacement price Koha item type
    Dewey Decimal Classification Hb   Not For Loan Non-fiction D.B.Act.Division D.B.Act.Division 19/02/2010 DBAD/PUB 750.00   338076095412 SIN EN-79450 19/03/2010 1 750.00 English Books

© Delhi Public Library
Hit Counter
free hit counter